000 00466nam a2200193 a 4500
001 1766034867370
003 ACL
005 20251218104756.0
008 251218s1997##################000#0#eng##
020 _a9780710305435
082 0 4 _a641.5
_bKUP
100 1 _aKuper, Jessica,
_eauthor.
245 1 0 _aThe Anthropologists' Cookbook :
260 _bRoutledge,
_c1997.
300 _a264 pages
650 0 _aCooking.
942 _cENGLISH
040 _aACL
_beng
_cACL
999 _c603163
_d603163